La nueva terapia breve. Aplicaciones y perspectivas actuales para una psicoterapia efectiva.
Saved in:
| Hovedforfatter: | |
|---|---|
| Format: | Bog |
| Udgivet: |
Santiago, Chile:
Grupo Palermo,
2022.
|
| Udgivelse: | Primera edición |
| Fag: | |
| Tags: |
Tilføj Tag
Ingen Tags, Vær først til at tagge denne postø!
|
MARC
| LEADER | 00000nam a22000007a 4500 | ||
|---|---|---|---|
| 003 | CL-VaPUC | ||
| 005 | 20221021082619.0 | ||
| 008 | 221011t2022 ||||| |||| 00| 0 eng d | ||
| 999 | |c 439128 |d 439126 | ||
| 020 | |a 978-956-6133-61-2 | ||
| 040 | |c Pontificia Universidad Católica de Valparaíso | ||
| 082 | 7 | |a 616.89147 HER 2022 |2 22 | |
| 100 | 1 | |a Hernández Osorio, J. Germán |e compilador |9 877528 | |
| 245 | |a La nueva terapia breve. |b Aplicaciones y perspectivas actuales para una psicoterapia efectiva. | ||
| 250 | |a Primera edición | ||
| 260 | |a Santiago, Chile: |b Grupo Palermo, |c 2022. | ||
| 300 | |a 436 páginas. | ||
| 500 | |a c1. Donación Felipe Rodríguez L. Memo 19/2022. 06/10/2022 | ||
| 583 | |c 20221011 |k Catalogador Asistente | ||
| 650 | |a Psicoterapia efectiva |9 877555 | ||
| 650 | |a Terapia breve |x Psicoterapia |9 877556 | ||
| 942 | |2 ddc |c BK | ||
| 952 | |0 0 |1 0 |2 ddc |4 0 |6 616_891470000000000_HER_2022 |7 0 |8 A |9 587190 |a BIBEDU |b BIBEDU |c GEN |d 2022-10-11 |e Donación |i 5655140 |l 3 |m 2 |o 616.89147 HER 2022 |p 5655140 |q 2023-08-31 |r 2023-03-01 |s 2023-03-01 |t 1 |w 2022-10-11 |y BK |k PSI | ||
| 952 | |0 0 |1 0 |2 ddc |4 0 |6 616_891470000000000_HER_2022 |7 0 |8 A |9 590548 |a BIBEDU |b BIBEDU |c GEN |d 2023-06-22 |e 3 |g 25794.00 |i 5657817 |l 4 |m 1 |o 616.89147 HER 2022 |p 5657817 |r 2024-09-23 |s 2024-09-11 |t 3 |v 25794.00 |w 2023-06-22 |y BK |k PSI | ||
| 952 | |0 0 |1 0 |2 ddc |4 0 |6 616_891470000000000_HER_2022 |7 0 |8 A |9 590549 |a BIBEDU |b BIBEDU |c GEN |d 2023-06-22 |e 3 |g 25794.00 |i 5657816 |l 4 |o 616.89147 HER 2022 |p 5657816 |r 2024-05-16 |s 2024-05-09 |t 2 |v 25794.00 |w 2023-06-22 |y BK |k PSI | ||